01148cam a2200313 i 450000100090000000300040000900500170001300800410003001000170007101600200008802000150010803500240012304000350014704200080018205000200019010000220021024500820023224600460031425000120036026400320037230000320040433600260043633700280046233800270049050001230051750400690064065000250070970001000073419899251OSt20230306122450.0170810s2019 at a b 001 0 eng c a 20179521797 a1017251632DNLM a1337564151 a(OCoLC)on1035399318 aNLMbengcNLMerdadOCLCOdDLC apcc00aBF81b.H39 20191 aHenley, Tracy B.,10aHergenhahn's an introduction to the history of psychology /cTracy B. Henley.1 aIntroduction to the history of psychology a8th ed. 1aAustralia :bCengage,c2019 axvii, 696 p :bill ;c24 cm atextbtxt2rdacontent aunmediatedbn2rdamedia avolumebnc2rdacarrier aPreceded by: An introduction to the history of psychology / B.R. Hergenhahn, Tracy B. Henley. Seventh edition. [2014]. aIncludes bibliographical references (pages 619-661) and indexes.12aPsychologyxhistory.1 aHergenhahn, B. R.,d1934-2007.tIntroduction to the history of psychology.iPreceded by (work):